01447nam a2200373Ia 4500001001200000003000800012006001900020007001500039008004100054010001700095020001500112020001800127020001800145040002100163035002100184050002600205082001900231100003300250245009500283260004700378300001400425504005100439533015200490650003100642650004000673650006100713650002400774650002600798651005800824655002900882710001700911856012600928999001901054ebr10511639CaPaEBRm u cr cn|||||||||110303s2011 nyu sb 001 0 eng d z 2011009588 z0801450195 z9780801450198 z9780801462634 aCaPaEBRcCaPaEBR a(OCoLC)76434872814aPR468.C28bB73 2011eb04a305.8009412221 aBrantlinger, Patrick,d1941-10aTaming cannibalsh[electronic resource] :brace and the Victorians /cPatrick Brantlinger. aIthaca :bCornell University Press,c2011. ax, 277 p. aIncludes bibliographical references and index. aElectronic reproduction.bPalo Alto, Calif. :cebrary,d2011.nAvailable via World Wide Web.nAccess may be limited to ebrary affiliated libraries. 0aCannibalism in literature. 0aCannibalismxHistoryy19th century. 0aEnglish literaturey19th centuryxHistory and criticism. 0aRace in literature. 0aRacism in literature. 0aGreat BritainxRace relationsxHistoryy19th century. 7aElectronic books.2local2 aebrary, Inc.40uhttp://site.ebrary.com/lib/rucke/Doc?id=10511639zAn electronic book accessible through the World Wide Web; click to view c222625d222625